| 000 | 00586nam a2200169 a 4500 | ||
|---|---|---|---|
| 001 | 000029108 | ||
| 005 | 20200930055334.0 | ||
| 008 | 110413s1994 dr 000 0 spa d | ||
| 040 |
_aDO-SdBNP _bspa _cBNPHU |
||
| 082 |
_axxx _bI34 |
||
| 100 | 1 |
_aBlanco, Teresa _956016 |
|
| 245 | 1 | 0 |
_aImpronta de los Henríquez Ureña en la cultura cubana / _cTeresa Blanco. |
| 260 |
_aSanto Domingo : _bOficina Nacional de Administración y Personal (ONAP), _c1994. |
||
| 300 |
_a15 p. ; _c21 cm. |
||
| 500 | _aPedro Henríquez Ureña; Camila Henríquez Ureña; Max Henríquez Urenña | ||
| 049 | _aBNPD | ||
| 999 |
_c28600 _d28600 |
||